[Event "FRA-chT3 Gr01 0607"]
[Site "France"]
[Date "2006.12.10"]
[Round "4.6"]
[White "Lamotte, Stephane"]
[Black "Del Vecchio, Alain"]
[Result "1-0"]
[WhiteElo "1840"]
[BlackElo "2000"]
[PlyCount "145"]
[EventDate "2006.10.15"]
[EventType "team"]
[EventRounds "9"]
[EventCountry "FRA"]
[SourceTitle "EXT 2008"]
[Source "ChessBase"]
[SourceDate "2007.11.25"]
[SourceVersion "1"]
[SourceVersionDate "2007.11.25"]
[SourceQuality "1"]

1. e4 c5 2. Nc3 d6 3. f4 Nc6 4. Nf3 e6 5. Bb5 Bd7 6. 0-0 g6 7. d3 Bg7 8. Bd2 Nge7 9. Qe1 Nd4 10. Bxd7+ Qxd7 11. Nxd4 Bxd4+ 12. Be3 Bxe3+ 13. Qxe3 0-0 14. d4 cxd4 15. Qxd4 a6 16. Rad1 Rad8 17. Qf6 Nc6 18. Rf3 Qe7 19. Qxe7 Nxe7 20. Rfd3 Nc8 21. Na4 f5 22. e5 d5 23. Nc5 Rfe8 24. Nxb7 Rd7 25. Nc5 Ra7 26. Ra3 a5 27. b3 Nb6 28. Rd2 Kf7 29. Na4 Na8 30. c4 Nc7 31. Nc3 Rd8 32. cxd5 exd5 33. Ra4 Ra6 34. Kf2 Ke6 35. Ne2 Ke7 36. Nd4 Na8 37. b4 Nb6 38. Rxa5 Rxa5 39. Nc6+ Kd7 40. Nxa5 Rc8 41. Ke3 Rc1 42. Kd4 Ke6 43. Kd3 Rb1 44. Nb3 Rf1 45. g3 Nc4 46. Nd4+ Ke7 47. Rc2 Rd1+ 48. Kc3 Re1 49. b5 Kd7 50. Kb4 Rd1 51. Kc5 Ne3 52. Re2 Rc1+ 53. Kb6 Nc4+ 54. Kb7 Rd1 55. e6+ Ke8 56. Nc6 Nd6+ 57. Kc7 Nxb5+ 58. Kb6 Nd6 59. a4 Ra1 60. a5 Nc4+ 61. Kc5 Nxa5 62. Nxa5 Rxa5+ 63. Kd6 d4 64. Rb2 Ra6+ 65. Ke5 Ra5+ 66. Kf6 Ra8 67. Rb7 Kd8 68. Rxh7 Ra6 69. Rd7+ Ke8 70. Rxd4 Rb6 71. Kxg6 Rxe6+ 72. Kxf5 Rh6 73. h4 1-0